000 01272cam a2200349 a 4500
001 15430706
003 Nust- CAS-E
005 20180118181402.0
008 080827s2009 gauab bf 001 0 eng
010 _a 2008038098
020 _a0881736139
020 _a9780881736137
020 _a0881736147
020 _a9780881736144
020 _a9781439801918
020 _a1439801916
035 _a(OCoLC)ocn244659852
040 _aDLC
_cDLC
_dBTCTA
_dYDXCP
_dC#P
_dBWX
_dDLC
050 0 0 _aTJ778
_b.G48 2009
082 0 0 _a621.433
_222
_bGIA 2009
100 1 _aGiampaolo, Tony,
_d1939-
245 1 0 _aGas turbine handbook :
_bprinciples and practice /
_cby Tony Giampaolo.
250 _a4th ed.
260 _aLilburn, GA :
_bFairmont Press ;
_aBoca Raton, FL :
_bCRC Press,
_cc2009.
300 _axiii, 447 p. :
_bill., map ;
_c24 cm.
504 _aIncludes bibliographical references and index.
650 0 _aGas-turbines
_vHandbooks, manuals, etc.
856 4 1 _3Table of contents only
_uhttp://www.loc.gov/catdir/toc/ecip0827/2008038098.html
906 _a7
_bcbc
_corignew
_d1
_eecip
_f20
_gy-gencatlg
942 _2ddc
_cBK
999 _c355441
_d355441